| 000 | 00617nam a22001932 4500 | ||
|---|---|---|---|
| 001 | 0000025129 | ||
| 005 | 20151217155238.0 | ||
| 008 | 141205s xx 000 0 eng d | ||
| 020 | _a1259006387 : | ||
| 040 |
_aKABU _cKABU |
||
| 100 | 1 |
_aChawla, Shashi. _@0000185540 |
|
| 245 | 1 | 2 |
_aA Text book of environmental studies / _cby Shashi Chawla. |
| 260 |
_aNew Delhi : _bTata McGraw Hill Education, _c2012. |
||
| 300 | _a1 vol (various pagings.) ; | ||
| 650 | 0 |
_aHuman ecology _xStudy and teaching. _@0000185541 |
|
| 852 | 1 | _9p270.10 KES | |
| 908 | _a141205 | ||
| 950 | _@1 | ||
| 999 |
_c12267 _d12267 |
||